ロード中...

Contemporary Issues In Management

書誌詳細
第一著者: Mehta, Basant
フォーマット: Printed Book
言語:Undetermined
English
出版事項: New Delhi Discovery Publishing 2011
版:1st
主題:
LEADER 00588nam a2200193Ia 4500
008 140306s9999 xx 000 0 und d
020 |a 9788183567145 
041 |a eng 
082 |a 658.83  |b MEH/CO 
100 |a Mehta, Basant 
245 |a Contemporary Issues In Management 
250 |a 1st 
260 |a New Delhi  |b Discovery Publishing  |c 2011 
300 |a 217 
365 |b Rs.700/- 
650 |a Information Technology 
942 |2 ddc  |c BK 
999 |c 188377  |d 188377 
952 |0 0  |1 0  |2 ddc  |4 0  |6 658_830000000000000_MEH_CO  |7 0  |9 194521  |a KAUCBV  |b KAUCBV  |g 700.00  |o 658.83 MEH/CO  |r 2014-03-22  |w 2014-03-22  |y BK